000 00540nam a2200181 4500
003 DO-SdBNP
005 20180122143115.0
008 180122b2007 xxu 0| 0 spa d
020 _a9781904991632
040 _aBPMSU
_bspa
_cBPMSU
100 _aPermutt, Philip
245 _aThe crystal healer :
_bcrystal prescriptions that will change your life forever /
260 _aNew York :
_bCico Book,
_c2007
300 _a144 p. ;
_c23 cm.
942 _2ddc
_cBK
945 _aInventariado extranjero / 2018
956 _aVMATEO
_b10
_c20180122
_dBPMSU
_f0069
999 _c13243
_d13243